000 00678nam a2200205 a 4500
001 000033616
003 OSt
005 20251021095208.0
008 110901s1862 dr r 000 0 spa d
040 _aDO-SdBNP
_bspa
_cBNPHU
082 _a349.7293
_bR423c
110 _aRepública Dominicana.
_9447
245 1 0 _aColección de reales ordenes :
_by disposiciones publicadas desde el 1 de enero al 31 de marzo de 1852.
260 _aSanto Domingo :
_bImprenta de Santo Domingo,
_c1862.
300 _a133 p. ;
_c20 cm.
590 _aInventariado, 2018/BT
651 4 _aRepública Dominicana
_xLegislación
_910538
910 _aValidado. Control de calidad MFF
942 _2ddc
_cLF1
999 _c33107
_d33107